000 00823cam a22002771 4500
001 6464792
003 OSt
005 20140310181954.0
008 720510s1945 nyua j 000 1 eng
010 _a 45009585
020 _a0064400565
035 _a(OCoLC)305785
040 _aDLC
_cODaWU
_dOCoLC
_dDLC
050 0 0 _aPZ 10.3
_b.W582 1973
082 _aKF
_bW58 1973
100 1 _aWhite, E. B.
_q(Elwyn Brooks),
_d1899-1985.
_94592
245 1 0 _aStuart Little /
_cE. B. White.
260 _aNew York :
_bHarrer & Row, Publishers,
_cc1996.
300 _a191 p. :
_bill. ;
_c19 cm.
541 _j1
562 _e1
650 _aAdventure
_xFiction.
_94593
710 2 _aJuvenile Collection (Library of Congress)
_5DLC
_93833
906 _a7
_bcbc
_coclcrpl
_du
_encip
_f19
_gy-gencatlg
942 _2lcc
_cBK-KF
_kKF
999 _c7910
_d7910